|
|
|
|
| LEADER |
00000nam a2200000Ii 4500 |
| 001 |
DIGUCAUCA0043 |
| 003 |
NyNyDIG |
| 007 |
cr ||||||||||| |
| 008 |
210823s2019 ck o ob 001 0dspa d |
| 006 |
m o d |
| 035 |
|
|
|a (OCoLC)1253291274
|
| 040 |
|
|
|a DGITA
|b eng
|e rda
|e pn
|c DGITA
|
| 020 |
|
|
|a 9789587323566
|q eBook
|
| 020 |
|
|
|z 9789587323559
|
| 043 |
|
|
|a s-ck---
|
| 050 |
1 |
4 |
|a HQ77.7 ebook
|
| 082 |
1 |
4 |
|a 306.76
|
| 100 |
1 |
|
|a Ortiz Ordoñez, Yinna,
|e author.
|
| 245 |
1 |
0 |
|a Devenir trans :
|b relatos biográficos del tercer sexo en Popayán /
|c Yinna Ortiz Ordóñez.
|
| 250 |
|
|
|a Primera edición en español.
|
| 264 |
|
1 |
|a Popayán, Colombia :
|b Editorial Universidad del Cauca,
|c [2019]
|
| 300 |
|
|
|a 1 online resource :
|b photographs.
|
| 336 |
|
|
|a text
|b txt
|2 rdacontent
|
| 337 |
|
|
|a computer
|b c
|2 rdamedia
|
| 338 |
|
|
|a online resource
|b cr
|2 rdacarrier
|
| 347 |
|
|
|a text file
|2 rdaft
|
| 347 |
|
|
|b PDF
|
| 504 |
|
|
|a Includes bibliographical references and index.
|
| 588 |
0 |
|
|a Online resource; title from PDF title page (Digitalia, viewed August 23, 2021)
|
| 650 |
|
0 |
|a Transsexuals
|z Colombia
|z Popayán
|x Social conditions.
|
| 650 |
|
0 |
|a Sex role
|z Colombia.
|
| 650 |
|
0 |
|a Feminism
|z Colombia.
|
| 655 |
|
0 |
|a Electronic books.
|
| 791 |
2 |
|
|a Digitalia (Firm),
|e distributor.
|
| 793 |
0 |
|
|g Digitalia eBook Collection:
|a Editorial Universidad del Cauca
|
| 776 |
0 |
8 |
|i Print version:
|a Ortiz Ordoñez, Yinna.
|t Devenir trans.
|b Primera edición en español.
|d Popayán, Colombia : Editorial Universidad del Cauca, [2019]
|z 9789587323559
|w (OCoLC)1143720219
|
| 856 |
4 |
0 |
|3 Digitalia Hispánica
|u https://www.digitaliapublishing.com/a/82773/
|
| 910 |
|
|
|a Premium collection: 2021
|